Orosz nyelv a kilencéves alapiskolák 9. osztálya számára

Bibliographic Details
Main Authors: Németh, János (Author), Krjukovská, Viera (Author), Cvengrosová, Gizela (Author)
Format: Book
Language:Russian
Slovak
PhysicalDescription:165 s. fotogr., noty, tab. 21 cm
Published: Bratislava Slovenské pedagogické nakladateľstvo 1977
Edition:5. vyd.
Subjects:

MARC

LEADER 00000cam a2200000 a 4500
001 vtls001105450
003 SK-MaSNL
005 20260301001345.0
008 250414s1977 xo ogl crp 00000 rus
015 |a SNBA1977/01 
035 |a SNK000048292 
040 |a SNK  |b slo  |c SNK  |e AACR2 
041 0 |a rus  |a slo 
044 |a xo  |c SK 
080 |a 372.880.82(075.2)=82  |2 1981 
100 1 |a Németh, János  |4 aut  |9 279541 
245 1 0 |a Orosz nyelv a kilencéves alapiskolák 9. osztálya számára  |c János Németh, Viera Krjukovská, Gizella Cvengros 
246 1 1 |a Ruský jazyk pre 9. ročník ZDŠ s vyučovacím jazykom maďarským 
250 |a 5. vyd. 
260 |a Bratislava  |b Slovenské pedagogické nakladateľstvo  |c 1977  |e Prešov  |f Duklianske tlačiarne 
300 |a 165 s.  |b fotogr., noty, tab.  |c 21 cm 
366 |e 3400 výtl. 
500 |a Fot. a ilustr. na front. Rus.-slov. a slov.-rus. slovník 
546 |a Súbežný názov v slovenčine 
650 0 7 |a ruština  |2 SNKPH  |9 1346 
655 7 |a učebnice základných škôl  |2 SNKPH  |9 70187 
700 1 |a Krjukovská, Viera  |4 aut  |9 241662 
700 1 |a Cvengrosová, Gizela  |4 aut  |9 279542 
852 |a Slovenská národná knižnica 
958 |a UX 
958 |a TL 
958 |a OND 
999 |c 534730  |d 536660 
952 |a SNK  |b SNK  |y VYP  |7 0  |p 17A1076155  |o snkSC 41218 D1  |i snkKSP 3439/77  |0 0  |1 0  |4 0  |d 2014-08-06  |l 0  |r 2026-02-23 12:21:42  |w 2026-02-23